000 00951nam a2200277 i 4500
003 DO-SdBNP
005 20250428092825.0
007 ta
008 250428b2024 dr ||||| |||| 00| 0 spa d
020 _a9789945500080
040 _aDO-SdBNP
_bspa
_cBNPHU
_erda
082 4 _axxx
_bxxx
_222
100 _aSantos Infante, Jeranny
_eautor
_4aut.
_987543
245 1 0 _aCenizas de la sangre /
_cJeranny Santos Infante ; corrección, Clara Dobarro
264 4 _aSanto Domingo :
_bEditora Nacional,
_c©2024.
300 _a71 páginas ;
_c21 cm.
336 _atexto
_btxt
_2rdacontent
337 _asin mediación
_bn
_2rdamedia
338 _avolumen
_bnc
_2rdacarrier
500 _aIncluye datos biográficos del autor en la solapa de la cubierta
586 _aPremio Loven de Dramaturgia Máximo Avilés Blonda 2021.
590 _aInventariado, 2025/BT
700 1 _aDobarro, Clara,
_ecorrección
_4corr.
_934619
910 _aBtavárez
942 _2ddc
_cLBS1
999 _c58821
_d58821